01146nab a22002057a 4500003000400000005001700004008004100021040000700062100003000069245011800099260007200217300001200289505033200301505008900633650001800722650002300740650002800763700002500791773012400816OSt20260121205045.0190502c xxu||||| |||| 00| 0 spa d cPJ aAmaro Piccinini, Georgina10aApuntes para garantizar la perspectiva de género en el jurado /cGeorgina Amaro Piccinini, Natasha Deligiannis. aCiudad Autónoma de Buenos Aires :bThomson Reuters La Ley,c2024. ap. 3-14 aSumario: I. Introducción: ¿cómo garantizar la perspectiva de género en el jurado?— II. Dos modelos en pugna: ¿capacitación ad hoc o instrucciones?— III. La perspectiva de género en las instrucciones al jurado: contenidos mínimos.— IV. Conclusiones: instrucciones al jurado con debida diligencia reforzada.  t¿Te interesa el texto completo? Solicitalo al correo: koha@justierradelfuego.gov.ar 0aDERECHO PENAL 0aJUICIO POR JURADOS 0aPERSPECTIVA DE GÉNERO aDeligiannis, Natasha0 02729dBuenos Aires : LexisNexis, 2006-tRevista de derecho penal y procesal penal. Nº 9 - Septiembre 2024z9875920622